000 01068cam a2200229 4500
001 WB4001-18
008 040105n2003 000 0 eng u
035 _a(Sirsi) u124705
245 _aAffordable housing on forest land in Scotland
260 _c2003
490 _aScottish Executive News Release
_v(SENW1053/2003) 22 December 2003 (2)
520 _aThe Scottish Executive has approved a proposal that Forestry Commission Scotland and Communities Scotland should look at the potential for releasing national forest land to increase the supply of affordable housing. The distribution and nature of the land will be studied to see whether suitable sites can be matched to areas of high demand where registered social landlords have encountered difficulties in securing land. http://www.scotland.gov.uk/pages/news/2003/12/SENW 1053.aspx
590 _aWB
590 _aWB
650 _aFORESTRY
650 _aFOREST
650 _aRURAL AREAS
650 _aAffordable housing
_96215
650 _aSCOTLAND
690 _aHOUSING-DEVELOPMENT
942 _n0
999 _c116917
_d116917